| 000 | 00412nam a2200145Ia 4500 | ||
|---|---|---|---|
| 008 | 151015s9999 xx 000 0 und d | ||
| 020 | _a71276076 | ||
| 245 | _aGujarati Damodar N. | ||
| 250 | _a_Essentials of Econometrics Damodar N. Gujarati | ||
| 260 | _a4th ed. | ||
| 300 | _aNew York Mcgraw Hill Education 2010 | ||
| 500 | _aincudes index | ||
| 650 | _a_Econometrics | ||
| 700 | _a^d20101209 03:42:32^okorir | ||
| 999 |
_c90 _d90 |
||